[Event "European Youth Chess Championship B14"]
[Site "Prague, Top Hotel Prague"]
[Date "2016.08.21"]
[Round "4.22"]
[White "Vlachos, Anatole"]
[Black "Jazdanovs, Aleksandrs"]
[Result "1-0"]
[WhiteElo "2160"]
[BlackElo "2040"]
[PlyCount "41"]
[EventDate "2016.08.18"]

1. e4 c6 2. Ne2 d6 3. d4 e5 4. g3 Bg4 5. Bg2 Bxe2 6. Kxe2 Qc7 7. Re1 Nd7 8. Kf1
g6 9. Be3 Bg7 10. Na3 Ne7 11. dxe5 dxe5 12. Nc4 Nc8 13. Bh3 b5 14. Na5 Ncb6 15.
c4 bxc4 16. Rc1 O-O 17. Nxc4 Rad8 18. Qc2 Rc8 19. Red1 Rfd8 20. Bg5 f6 21. Nd6
1-0

[Event "European Youth Chess Championship B14"]
[Site "Prague, Top Hotel Prague"]
[Date "2016.08.21"]
[Round "4.23"]
[White "Gorshtein, Ido"]
[Black "Chukavin, Kirill"]
[Result "1/2-1/2"]
[WhiteElo "2008"]
[BlackElo "2146"]
[PlyCount "142"]
[EventDate "2016.08.18"]

1. e4 c5 2. Nf3 Nc6 3. d4 cxd4 4. Nxd4 Qb6 5. Nb3 Nf6 6. Nc3 e6 7. Bd3 a6 8.
O-O Be7 9. Qe2 d6 10. a4 Qc7 11. Bf4 b6 12. Rfd1 O-O 13. h3 Bb7 14. Bh2 Nd7 15.
f4 Bf6 16. Kh1 Nb4 17. Rd2 Bxc3 18. bxc3 Qxc3 19. Bg1 Qc7 20. Nd4 Rfe8 21. Rb1
Nc6 22. Nf3 Nc5 23. e5 Nxd3 24. Rxd3 dxe5 25. Bxb6 Qe7 26. fxe5 Nb4 27. Rd6 Nd5
28. Rb3 Rac8 29. c4 Nf4 30. Qd2 Bxf3 31. Rxf3 Ng6 32. Rd7 Qf8 33. Rfxf7 Qxf7
34. Rxf7 Kxf7 35. c5 Ne7 36. Qf4+ Kg8 37. Qc4 Nc6 38. Qxa6 Nxe5 39. Qb5 Nc6 40.
a5 e5 41. Qc4+ Kh8 42. Qe4 Nxa5 43. Bxa5 Rxc5 44. Bb4 Rcc8 45. Kh2 Re6 46. Kg3
Rb8 47. Bc3 Rf8 48. Bd2 Rg6+ 49. Kh2 Re8 50. Be3 Kg8 51. h4 Rf6 52. Kg3 h6 53.
Kh3 Kh8 54. g4 Rfe6 55. Kg3 Rf8 56. Qd5 Rfe8 57. Kf3 e4+ 58. Ke2 Re5 59. Qc4
R5e7 60. Qb3 Kh7 61. Qa2 Re6 62. Qc4 R6e7 63. h5 Re6 64. Qd5 Re5 65. Qf7 R8e7
66. Qg6+ Kg8 67. Qc6 R5e6 68. Qc8+ Re8 69. Qb7 R8e7 70. Qd5 Kh7 71. Qf5+ Kg8
1/2-1/2

[Event "European Youth Chess Championship B14"]
[Site "Prague, Top Hotel Prague"]
[Date "2016.08.21"]
[Round "4.24"]
[White "Kalavannan, Koby"]
[Black "Mladek, Richard"]
[Result "1-0"]
[WhiteElo "2146"]
[BlackElo "2015"]
[PlyCount "109"]
[EventDate "2016.08.18"]

1. d4 Nf6 2. c4 g6 3. Nc3 Bg7 4. e4 d6 5. Be2 O-O 6. Be3 Nbd7 7. g4 e5 8. d5
Nc5 9. Bf3 a5 10. h4 Ne8 11. h5 g5 12. h6 Bf6 13. Qd2 Be7 14. Rh5 f6 15. Nge2
Kh8 16. Ng3 Rg8 17. Kf1 Rg6 18. Kg2 Bf8 19. Rah1 Bd7 20. Bd1 a4 21. Nf5 Qb8 22.
Be2 b6 23. Qc2 Qa7 24. Nb5 Qa6 25. R1h2 Nb7 26. Qd1 Nd8 27. Ng7 Qc8 28. Kg3 Nf7
29. Nf5 Kg8 30. Qh1 Qa6 31. Qf1 Qa5 32. Bd3 Qb4 33. f3 Qa5 34. Bd2 Qa6 35. c5
Qc8 36. c6 Bxf5 37. gxf5 Rxh6 38. Rxh6 Bxh6 39. Qh1 Bg7 40. Rxh7 Qd8 41. Bc2
Qe7 42. a3 Qf8 43. Rh2 Bh6 44. Nc3 Kh7 45. Kg4 Ng7 46. Bxa4 Qb8 47. Bb5 Qa7 48.
Nd1 Rh8 49. Nf2 Qa8 50. Kg3 Qf8 51. Ng4 Ne8 52. a4 Kg8 53. b4 Bg7 54. Rxh8+
Nxh8 55. a5 1-0

[Event "European Youth Chess Championship B14"]
[Site "Prague, Top Hotel Prague"]
[Date "2016.08.21"]
[Round "4.25"]
[White "Shmavonyan, Areg"]
[Black "Amon, Nejc"]
[Result "1/2-1/2"]
[WhiteElo "1998"]
[BlackElo "2138"]
[PlyCount "56"]
[EventDate "2016.08.18"]

1. d4 Nf6 2. c4 e6 3. Nc3 Bb4 4. f3 O-O 5. a3 Bxc3+ 6. bxc3 Nh5 7. Nh3 f5 8. e3
b6 9. Bd3 Bb7 10. O-O d6 11. Qc2 Nd7 12. e4 fxe4 13. Bxe4 Bxe4 14. Qxe4 Re8 15.
Bg5 Nhf6 16. Qc6 Rc8 17. Rfe1 h6 18. Bxf6 Nxf6 19. Nf4 Kf7 20. Qa4 Qd7 21. Qc2
e5 22. Qg6+ Kg8 23. Nh5 Qf7 24. Nxf6+ Qxf6 25. Qd3 c6 26. Rad1 d5 27. a4 exd4
28. cxd4 Rxe1+ 1/2-1/2

[Event "European Youth Chess Championship B14"]
[Site "Prague, Top Hotel Prague"]
[Date "2016.08.21"]
[Round "4.26"]
[White "Milosevic, Milos"]
[Black "Haase, Pavel"]
[Result "1-0"]
[WhiteElo "2132"]
[BlackElo "2012"]
[PlyCount "75"]
[EventDate "2016.08.18"]

1. d4 Nf6 2. Nf3 g6 3. g3 Bg7 4. Bg2 O-O 5. O-O d6 6. a4 Nbd7 7. a5 a6 8. h3
Ne4 9. Be3 Rb8 10. Nfd2 Nxd2 11. Nxd2 e6 12. Ra3 b6 13. axb6 cxb6 14. Nc4 Qc7
15. Rc3 Bb7 16. Na5 Qxc3 17. bxc3 bxa5 18. Qa1 Bxg2 19. Kxg2 Nb6 20. Qxa5 Rfc8
21. Rb1 Nc4 22. Rxb8 Rxb8 23. Qc7 Nxe3+ 24. fxe3 Rb2 25. Qxd6 Rxc2 26. Qc7 Bf8
27. Kf3 Bb4 28. Qb8+ Bf8 29. Qb3 Rc1 30. Qb2 Rf1+ 31. Kg2 Rf5 32. Qc2 a5 33. e4
Rb5 34. Qa4 Rb2 35. Qxa5 Rxe2+ 36. Kf3 Rd2 37. Qc7 Rd3+ 38. Ke2 1-0

[Event "European Youth Chess Championship B14"]
[Site "Prague, Top Hotel Prague"]
[Date "2016.08.21"]
[Round "4.27"]
[White "Nowak, Mikolaj"]
[Black "Nilsen, Tobias Lang"]
[Result "1-0"]
[WhiteElo "2123"]
[BlackElo "1987"]
[PlyCount "91"]
[EventDate "2016.08.18"]

1. f4 d5 2. Nf3 Nf6 3. g3 g6 4. Bg2 Bg7 5. O-O O-O 6. d3 Nc6 7. Re1 d4 8. c3
Ng4 9. h3 Ne3 10. Bxe3 dxe3 11. d4 Na5 12. Na3 Be6 13. Nc2 c5 14. dxc5 Nc4 15.
Qc1 Qc7 16. Nfd4 Qxc5 17. Rd1 Rad8 18. Kh1 Bd5 19. Nxe3 Bxg2+ 20. Kxg2 e5 21.
Nxc4 Qxc4 22. b3 Qa6 23. fxe5 Bxe5 24. Rd3 Rfe8 25. Qf1 b5 26. a3 Qb6 27. Rad1
a5 28. Qf3 Rc8 29. Rf1 f5 30. Rf2 Kh8 31. h4 Rf8 32. Qd5 Bxd4 33. Qxd4+ Qxd4
34. cxd4 Rfd8 35. Kf3 Kg7 36. e3 Kf6 37. g4 Ke6 38. gxf5+ gxf5 39. Rg2 Kf6 40.
h5 Rg8 41. Rxg8 Rxg8 42. Rc3 Rb8 43. Kf4 a4 44. b4 Ke6 45. Rc6+ Kd5 46. Rc5+
1-0

[Event "European Youth Chess Championship B14"]
[Site "Prague, Top Hotel Prague"]
[Date "2016.08.21"]
[Round "4.28"]
[White "Svanda, Ondrej"]
[Black "Sahin, Doga Boran"]
[Result "0-1"]
[WhiteElo "1927"]
[BlackElo "2107"]
[PlyCount "140"]
[EventDate "2016.08.18"]

1. e4 e6 2. d4 d5 3. Nc3 Nf6 4. Bg5 Bb4 5. exd5 exd5 6. Bd3 Be6 7. Nge2 c5 8.
Bb5+ Nc6 9. dxc5 Bxc5 10. Nd4 O-O 11. Bxc6 bxc6 12. O-O Bd7 13. Qd3 Rb8 14. b3
Rb4 15. Nf3 Be7 16. a3 Rb8 17. Rfe1 Re8 18. Ne5 Ng4 19. Bf4 Nxe5 20. Bxe5 Ra8
21. Qg3 Bf8 22. Na4 Bf5 23. Qc3 d4 24. Bxd4 Qd7 25. Nc5 Qd5 26. Be3 Rxe3 27.
fxe3 Qxc5 28. Qxc5 Bxc5 29. b4 Be7 30. e4 Be6 31. Rad1 g6 32. h3 a5 33. c3 axb4
34. axb4 Ra3 35. Rc1 Ra2 36. Ra1 Rc2 37. Rac1 Ra2 38. Ra1 Rb2 39. Rab1 Rd2 40.
Red1 Bg5 41. Rxd2 Bxd2 42. b5 cxb5 43. Rxb5 Bxc3 44. Kf2 h5 45. Kf3 Kf8 46. Rb7
Kg7 47. Rb5 Kf6 48. Rc5 Bd4 49. Ra5 Ke7 50. Ra6 Kd7 51. Ra4 Bc3 52. Ra3 Bb2 53.
Rd3+ Kc6 54. Rd2 Be5 55. Rc2+ Kb5 56. Rc1 Kb4 57. Rc6 Bc4 58. Rc8 Kc3 59. Rd8
Bd4 60. Rc8 Kd3 61. Rc7 Bb3 62. Rc1 f6 63. Re1 Ba4 64. g4 hxg4+ 65. hxg4 g5 66.
Rh1 Bb3 67. Re1 Bc2 68. Rh1 Be3 69. Re1 Bd2 70. Rh1 Kd4 0-1

[Event "European Youth Chess Championship B14"]
[Site "Prague, Top Hotel Prague"]
[Date "2016.08.21"]
[Round "4.29"]
[White "Kozak, Antoni"]
[Black "Loukopoulos, Panagiotis-Athana"]
[Result "0-1"]
[WhiteElo "2102"]
[BlackElo "1663"]
[PlyCount "60"]
[EventDate "2016.08.18"]

1. e4 e5 2. Nf3 Nc6 3. Bc4 Bc5 4. b4 Bxb4 5. c3 Be7 6. d4 Na5 7. Bd3 d6 8. O-O
Nf6 9. dxe5 dxe5 10. Nxe5 O-O 11. h3 Be6 12. f4 Nd7 13. Nxd7 Qxd7 14. Qf3 Rad8
15. Bc2 Nc4 16. f5 Ne5 17. Qg3 Bc5+ 18. Kh1 Bc4 19. f6 Ng6 20. Re1 Qe6 21. Ba3
Bxa3 22. Nxa3 Qe5 23. Qe3 Be6 24. fxg7 Kxg7 25. Bb3 Nf4 26. Nc4 Qg5 27. Qf3 Rd3
28. Ne3 Rfd8 29. Rad1 Bxb3 30. axb3 Rxe3 0-1

[Event "European Youth Chess Championship B14"]
[Site "Prague, Top Hotel Prague"]
[Date "2016.08.21"]
[Round "4.30"]
[White "Levitskiy, Andrey"]
[Black "Kramich, Aliaksei"]
[Result "1/2-1/2"]
[WhiteElo "2101"]
[BlackElo "1629"]
[PlyCount "88"]
[EventDate "2016.08.18"]

1. d4 f5 2. Nc3 Nf6 3. Bg5 d5 4. Bxf6 exf6 5. e3 Be6 6. Bd3 Qd7 7. Qf3 Nc6 8.
a3 g5 9. h3 O-O-O 10. Nge2 h5 11. g3 Bh6 12. O-O-O Rdg8 13. Kb1 Bf8 14. h4 g4
15. Qg2 Ne7 16. Nc1 Kb8 17. Nb3 b6 18. Qf1 Nc8 19. Ne2 Bd6 20. Rc1 c5 21. c4
Ne7 22. Nc3 Rc8 23. dxc5 bxc5 24. Qe2 Be5 25. Rhd1 Qb7 26. Ka2 Ka8 27. Na4 Bd6
28. Qc2 Qc6 29. Nd2 Rc7 30. Nc3 Rb8 31. b3 Rcb7 32. cxd5 Nxd5 33. Nxd5 Bxd5 34.
Bc4 Bxc4 35. Nxc4 Bc7 36. Rd3 Qe4 37. Rc3 Qe6 38. Rd1 Rd8 39. Rcd3 Rbb8 40.
Rxd8 Rxd8 41. Rxd8+ Bxd8 42. Qd3 Bc7 43. Nb2 Kb7 44. Na4 Qd6 1/2-1/2

[Event "European Youth Chess Championship B14"]
[Site "Prague, Top Hotel Prague"]
[Date "2016.08.21"]
[Round "4.31"]
[White "Davtyan, Artur"]
[Black "Bulockin, Martin"]
[Result "1-0"]
[WhiteElo "2304"]
[BlackElo "2010"]
[PlyCount "81"]
[EventDate "2016.08.18"]

1. d4 Nf6 2. c4 g6 3. Nc3 d5 4. Bf4 c6 5. e3 Bg7 6. h3 O-O 7. Nf3 Nbd7 8. Be2
a6 9. O-O Re8 10. Rc1 Nb6 11. cxd5 Nbxd5 12. Nxd5 Nxd5 13. Bh2 Nf6 14. Qb3 e6
15. Rfd1 Qe7 16. Ne5 Nd7 17. Nc4 e5 18. Bg4 exd4 19. Nd6 Rf8 20. exd4 h5 21.
Nxc8 Raxc8 22. Re1 Qd8 23. Bf3 Nb6 24. Rcd1 Bf6 25. a4 a5 26. d5 c5 27. d6 Bd4
28. Re7 Rb8 29. Rc7 c4 30. Qb5 Qf6 31. Qxa5 Ra8 32. Qb5 Nxa4 33. Rxc4 Bxf2+ 34.
Kxf2 Nxb2 35. Rcd4 Nxd1+ 36. Rxd1 Rfc8 37. d7 Rc2+ 38. Kg1 Kh7 39. Qe5 Qb6+ 40.
Kh1 Rd8 41. Qe7 1-0

[Event "European Youth Chess Championship B14"]
[Site "Prague, Top Hotel Prague"]
[Date "2016.08.21"]
[Round "4.32"]
[White "Vestby-Ellingsen, Mads"]
[Black "Orfini, Nicolo`"]
[Result "1/2-1/2"]
[WhiteElo "2184"]
[BlackElo "1996"]
[PlyCount "53"]
[EventDate "2016.08.18"]

1. e4 d6 2. d4 Nf6 3. Nc3 g6 4. Nf3 Bg7 5. Be2 O-O 6. O-O c6 7. h3 Qc7 8. Re1
Nbd7 9. Bf1 e5 10. Be3 a6 11. a4 b6 12. Qd2 Bb7 13. Bh6 Rad8 14. Rad1 Rfe8 15.
Bxg7 Kxg7 16. b3 h6 17. Kh1 exd4 18. Qxd4 Ne5 19. Qe3 c5 20. Nxe5 dxe5 21. Bc4
Rd4 22. Nd5 Qd6 23. Nxf6 Qxf6 24. f3 Red8 25. Rxd4 cxd4 26. Qd2 Qd6 27. b4
1/2-1/2

[Event "European Youth Chess Championship B14"]
[Site "Prague, Top Hotel Prague"]
[Date "2016.08.21"]
[Round "4.33"]
[White "Zimmer, Raphael"]
[Black "Huynh, Laurent"]
[Result "1-0"]
[WhiteElo "2180"]
[BlackElo "1934"]
[PlyCount "80"]
[EventDate "2016.08.18"]

1. e4 c5 2. Nf3 d6 3. d4 cxd4 4. Nxd4 Nf6 5. f3 g6 6. c4 Bg7 7. Be3 O-O 8. Qd2
Nc6 9. Nc3 Nxd4 10. Bxd4 Be6 11. Rc1 Qa5 12. Be2 Rfc8 13. b3 Nd7 14. Be3 Ne5
15. O-O Nc6 16. Rfd1 Rab8 17. Bf1 Rf8 18. Nd5 Qxd2 19. Rxd2 b6 20. b4 Rfc8 21.
a3 Kf8 22. c5 dxc5 23. bxc5 b5 24. Nb4 Ke8 25. Nxc6 Rxc6 26. Rb1 a6 27. Rc2
Rbc8 28. Rb4 f5 29. a4 bxa4 30. exf5 Bb3 31. Rf2 gxf5 32. Bd3 e6 33. g4 f4 34.
Bxf4 Rxc5 35. Bxa6 Ra8 36. Bb5+ Kf7 37. Be3 Re5 38. Bc6 Rc8 39. Be4 Ra5 40. Bb6
Ra6 1-0

[Event "European Youth Chess Championship B14"]
[Site "Prague, Top Hotel Prague"]
[Date "2016.08.21"]
[Round "4.34"]
[White "Mahmutbegovic, Muharem"]
[Black "Stefansson, Vignir Vatnar"]
[Result "0-1"]
[WhiteElo "1966"]
[BlackElo "2160"]
[PlyCount "38"]
[EventDate "2016.08.18"]

1. e4 b6 2. d4 Bb7 3. Nc3 e6 4. Nf3 Bb4 5. Bd3 Nf6 6. Qe2 d5 7. exd5 Nxd5 8.
Bd2 Nxc3 9. bxc3 Be7 10. O-O Nd7 11. a4 O-O 12. Rfe1 Nf6 13. Ne5 c5 14. Be3 Rc8
15. Red1 Qc7 16. Bf4 Bd6 17. Bg3 Nd5 18. Qh5 f5 19. dxc5 Bxe5 0-1

[Event "European Youth Chess Championship B14"]
[Site "Prague, Top Hotel Prague"]
[Date "2016.08.21"]
[Round "4.35"]
[White "Kirilov, Ivaylo"]
[Black "Kalabukhov, Bogdan"]
[Result "0-1"]
[WhiteElo "1911"]
[BlackElo "2090"]
[PlyCount "60"]
[EventDate "2016.08.18"]

1. e4 c5 2. Nf3 d6 3. d4 cxd4 4. Nxd4 Nf6 5. Nc3 a6 6. f3 e5 7. Nb3 Be7 8. Be3
Be6 9. Qd2 h5 10. O-O-O Nbd7 11. Qf2 Qc7 12. h3 b5 13. Kb1 Rb8 14. Bd3 Nb6 15.
f4 Nc4 16. Bc1 b4 17. Ne2 a5 18. Nd2 d5 19. f5 Nxd2+ 20. Bxd2 Bd7 21. exd5 Nxd5
22. Ng3 Nc3+ 23. Bxc3 bxc3 24. b3 a4 25. Ne4 Rh6 26. f6 gxf6 27. Qe3 Rh8 28. g4
Be6 29. Nxc3 axb3 30. cxb3 Bxb3 0-1

[Event "European Youth Chess Championship B14"]
[Site "Prague, Top Hotel Prague"]
[Date "2016.08.21"]
[Round "4.36"]
[White "Maache, Jawad"]
[Black "Golding, Alex"]
[Result "0-1"]
[WhiteElo "2090"]
[BlackElo "1958"]
[PlyCount "124"]
[EventDate "2016.08.18"]

1. d4 Nf6 2. c4 g6 3. f3 Bg7 4. e4 c5 5. Ne2 d6 6. Nbc3 O-O 7. Be3 Nbd7 8. Qd2
a6 9. Rd1 Qc7 10. Ng3 h5 11. Bd3 cxd4 12. Bxd4 Ne5 13. Bxe5 dxe5 14. Nd5 Nxd5
15. cxd5 Qb6 16. Ne2 Kh7 17. Nc3 Bh6 18. Qe2 Bd7 19. Kf1 Be3 20. Re1 Bd4 21.
Qd2 Qf6 22. Ke2 Rfc8 23. Kd1 Qb6 24. Ke2 Rc7 25. Rc1 Rac8 26. Rc2 Qf6 27. h3 b5
28. Rhc1 Qh4 29. Nd1 Rxc2 30. Rxc2 Qg3 31. Kf1 Qh2 32. Nf2 Rxc2 33. Qxc2 Qf4
34. b3 Qe3 35. Qe2 Qc1+ 36. Qd1 Qb2 37. Qc2 Qa1+ 38. Nd1 Bb6 39. Ke2 Qd4 40.
Kd2 e6 41. dxe6 Bxe6 42. Kc1 Qg1 43. Kb2 Bd4+ 44. Kc1 Bc5 45. Kb2 Bd7 46. a3 a5
47. Qd2 a4 48. b4 Bd4+ 49. Kc1 Qh1 50. Qe2 Qg1 51. Qf1 Qh2 52. Qe2 Kg7 53. Kb1
h4 54. Kc2 Qg1 55. Qf1 Qxf1 56. Bxf1 Kf6 57. Kd2 Kg5 58. Ke1 Kf4 59. Nf2 Kg3
60. Nd3 Kh2 61. Nc5 Bxc5 62. bxc5 Kg1 0-1

[Event "European Youth Chess Championship B14"]
[Site "Prague, Top Hotel Prague"]
[Date "2016.08.21"]
[Round "4.38"]
[White "Petkov, Matey"]
[Black "Lavorgna, Filippo"]
[Result "1-0"]
[WhiteElo "2072"]
[BlackElo "1849"]
[PlyCount "67"]
[EventDate "2016.08.18"]

1. d4 d5 2. Bg5 h6 3. Bh4 Bf5 4. e3 Nf6 5. Bxf6 exf6 6. a3 Be7 7. c4 c6 8. cxd5
cxd5 9. Nc3 Qd7 10. Nge2 Nc6 11. Nf4 Be6 12. g3 g5 13. Nd3 O-O 14. h4 Kg7 15.
Bg2 Rad8 16. b4 Rfe8 17. Qa4 Qc8 18. Kd2 b6 19. Rac1 Qb7 20. Qb3 Qd7 21. Kc2
Rc8 22. Kb2 Red8 23. hxg5 fxg5 24. f4 Bf6 25. Ne5 Bxe5 26. fxe5 Ne7 27. Qc2 Rc4
28. Bf1 Rc7 29. Qf2 Bf5 30. g4 Bxg4 31. Qf6+ Kh7 32. Bd3+ Ng6 33. Bxg6+ fxg6
34. Rxh6+ 1-0

[Event "European Youth Chess Championship B14"]
[Site "Prague, Top Hotel Prague"]
[Date "2016.08.21"]
[Round "4.39"]
[White "Ongut, Tamas Gunes"]
[Black "Polansky, Adam Lubos"]
[Result "1-0"]
[WhiteElo "2063"]
[BlackElo "1773"]
[PlyCount "101"]
[EventDate "2016.08.18"]

1. g3 Nf6 2. Bg2 e5 3. c4 d6 4. Nc3 g6 5. d3 Bg7 6. e3 O-O 7. Nge2 Nc6 8. O-O
Be6 9. Nd5 Qd7 10. f4 Ne8 11. Re1 f5 12. Rb1 Nd8 13. b4 c6 14. Ndc3 d5 15. cxd5
cxd5 16. fxe5 Bxe5 17. d4 Bc7 18. Nf4 Bxf4 19. exf4 Nf6 20. Qd3 Ne4 21. Nd1 Rc8
22. Bb2 Nc6 23. a3 Ne7 24. Ne3 Rc7 25. Rf1 Nc8 26. Rbc1 Rxc1 27. Rxc1 Ncd6 28.
Bxe4 Nxe4 29. Qc2 Rd8 30. Qc7 Nd6 31. Qxd7 Rxd7 32. Rc5 Ne4 33. Rc8+ Kg7 34. b5
Nd6 35. Rc5 Ne4 36. Rc2 Kf7 37. a4 Ke8 38. Ba3 Kd8 39. Bc5 Nxc5 40. Rxc5 Rc7
41. Nc2 Rxc5 42. dxc5 a6 43. Nd4 Bd7 44. Kf2 axb5 45. axb5 Kc7 46. b6+ Kd8 47.
Nb3 h6 48. Ke3 Bc6 49. Kd4 g5 50. Na5 Kc8 51. Ke5 1-0

[Event "European Youth Chess Championship B14"]
[Site "Prague, Top Hotel Prague"]
[Date "2016.08.21"]
[Round "4.40"]
[White "Dobrin, Ionut-Alexandru"]
[Black "Georgakopoulos, Nikolaos K"]
[Result "0-1"]
[WhiteElo "1829"]
[BlackElo "2059"]
[PlyCount "116"]
[EventDate "2016.08.18"]

1. d4 d5 2. c4 e6 3. Nc3 c6 4. cxd5 exd5 5. Nf3 Bf5 6. Bg5 Qb6 7. Qd2 Nd7 8. e3
Ngf6 9. Na4 Qb4 10. Nc3 Bd6 11. Be2 O-O 12. O-O Qb6 13. Nh4 Be6 14. Bxf6 Nxf6
15. Bd3 Rae8 16. Nf5 Bb8 17. Ng3 h5 18. e4 dxe4 19. Ncxe4 Qxd4 20. Nxf6+ Qxf6
21. Nxh5 Bxh2+ 22. Kxh2 Qh4+ 23. Kg1 Qxh5 24. Rfe1 Rd8 25. Qc2 Rd6 26. Re3 Rfd8
27. Rae1 Kf8 28. Rg3 Rd4 29. Ree3 Rh4 30. f3 Qd5 31. Kf2 Rd4 32. Be2 Bf5 33.
Qc3 a6 34. Qa3+ Qd6 35. Qc3 Qb4 36. Qc1 R8d5 37. a3 Qd6 38. Qh1 Qh6 39. Qe1 Rd2
40. b4 Qf6 41. Kf1 g6 42. Qc1 Rc2 43. Qe1 Rb2 44. Kf2 Rdd2 45. Qc1 Qd4 46. Qc5+
Qxc5 47. bxc5 Bd3 48. Rxd3 Rxd3 49. Rg4 Rxa3 50. Rd4 Raa2 51. Re4 Rxe2+ 52.
Rxe2 Rxe2+ 53. Kxe2 Ke7 54. Kd3 Ke6 55. Kd4 g5 56. g3 Kf5 57. Kd3 Ke5 58. Kc4
a5 0-1

[Event "European Youth Chess Championship B14"]
[Site "Prague, Top Hotel Prague"]
[Date "2016.08.21"]
[Round "4.41"]
[White "Balashov, Egor"]
[Black "Kopylov, Daniel"]
[Result "0-1"]
[WhiteElo "1624"]
[BlackElo "2050"]
[PlyCount "40"]
[EventDate "2016.08.18"]

1. d4 d5 2. c4 e5 3. dxe5 d4 4. Nf3 Nc6 5. a3 Nge7 6. b4 Ng6 7. Bb2 a5 8. b5
Ncxe5 9. Nxe5 Nxe5 10. e3 Be6 11. Nd2 Bg4 12. f3 dxe3 13. Bxe5 Qe7 14. Nb3 Qxe5
15. fxg4 Qc3+ 16. Ke2 Rd8 17. Rc1 Qf6 18. Qe1 Bxa3 19. Rc2 Bb4 20. Qg3 O-O 0-1

[Event "European Youth Chess Championship B14"]
[Site "Prague, Top Hotel Prague"]
[Date "2016.08.21"]
[Round "4.42"]
[White "Fus, Jakub"]
[Black "Pravda, Krystof"]
[Result "1-0"]
[WhiteElo "2044"]
[BlackElo "1682"]
[PlyCount "121"]
[EventDate "2016.08.18"]

1. d4 d5 2. Nf3 Nf6 3. c4 e6 4. g3 dxc4 5. Bg2 Be7 6. O-O O-O 7. Qc2 c5 8. dxc5
Bxc5 9. Nbd2 Nc6 10. Nxc4 b6 11. Nfe5 Nb4 12. Qb3 Nbd5 13. e4 Nc7 14. Rd1 Qe8
15. Bg5 Nd7 16. Nxd7 Bxd7 17. Nd6 Bxd6 18. Rxd6 h6 19. Be3 e5 20. Qd3 Bb5 21.
Qd2 Ba6 22. Bh3 Rd8 23. Rd1 Rxd6 24. Qxd6 Nb5 25. Qd5 Nc7 26. Qb3 Qc6 27. Rc1
Qd6 28. Rd1 Qc6 29. Bg2 Ne6 30. Qa3 Be2 31. Rc1 Qd7 32. Qc3 Nd4 33. Kh1 Qa4 34.
Qd2 Ba6 35. b3 Qa3 36. f4 Ne2 37. Re1 Nd4 38. fxe5 Nc6 39. Qd6 Qa5 40. Qd2 Qxe5
41. Bf4 Qh5 42. Qd5 Qg6 43. Bd6 Rd8 44. e5 Nxe5 45. Qxe5 Rxd6 46. Bd5 Rd8 47.
Rd1 Bb7 48. Kg1 Bxd5 49. Rxd5 Qb1+ 50. Kg2 Qxa2+ 51. Kh3 Rf8 52. Qe3 Qb1 53.
Rd4 Qf1+ 54. Kh4 Qf5 55. g4 Qc5 56. Kg3 Rc8 57. h4 Qc2 58. Rd3 a5 59. g5 hxg5
60. hxg5 Qc1 61. Rd8+ 1-0

[Event "European Youth Chess Championship B14"]
[Site "Prague, Top Hotel Prague"]
[Date "2016.08.21"]
[Round "4.43"]
[White "Akulov, Lev"]
[Black "Tomasi, Albert"]
[Result "0-1"]
[WhiteElo "1862"]
[BlackElo "2276"]
[PlyCount "92"]
[EventDate "2016.08.18"]

1. e4 e5 2. Nf3 Nc6 3. Nc3 Nf6 4. d4 exd4 5. Nxd4 Bb4 6. Nxc6 bxc6 7. Bd3 d5 8.
exd5 cxd5 9. O-O O-O 10. h3 Be6 11. Qf3 c5 12. Bg5 c4 13. Bf5 Be7 14. Rad1 Qc8
15. Bg4 Qa6 16. Bxf6 Bxf6 17. Nxd5 Bxd5 18. Qxd5 Qxa2 19. Ra1 Qxb2 20. Qxc4
Qxa1 21. Rxa1 Bxa1 22. g3 a5 23. Qa4 Bc3 24. Bf3 Rab8 25. Kg2 g6 26. Bd5 Kg7
27. Qc4 Rfc8 28. Qf4 Bf6 29. Qa4 Bc3 30. Qf4 Rf8 31. Qc4 Rbc8 32. Qb5 Bd4 33.
c4 Rb8 34. Qxa5 Rb2 35. Qe1 Rd8 36. Bc6 Rd6 37. Bf3 Ra6 38. h4 Raa2 39. Kh3
Rxf2 40. Bd5 Rh2+ 41. Kg4 Rae2 42. Qxe2 Rxe2 43. Kf3 Re3+ 44. Kg4 Be5 45. h5
Rxg3+ 46. Kh4 g5# 0-1

[Event "European Youth Chess Championship B14"]
[Site "Prague, Top Hotel Prague"]
[Date "2016.08.21"]
[Round "4.44"]
[White "Travadon, Loic"]
[Black "Popvasilev, Kaloyan"]
[Result "1-0"]
[WhiteElo "2258"]
[BlackElo "1860"]
[PlyCount "65"]
[EventDate "2016.08.18"]

1. e4 c5 2. Nf3 d6 3. d4 Nf6 4. Nc3 cxd4 5. Nxd4 Nc6 6. Bg5 Bd7 7. Qd2 h6 8.
Bxf6 gxf6 9. Nb3 Rc8 10. Nd5 Bg7 11. O-O-O h5 12. Kb1 Be6 13. f4 Bh6 14. g3 Kf8
15. Be2 Bg7 16. Bf3 f5 17. exf5 Bxf5 18. Rhe1 Qd7 19. Ne3 Be6 20. Nc5 Qc7 21.
Nxe6+ fxe6 22. c3 Nd8 23. Ng2 Qb6 24. Rh1 Rc5 25. Nh4 Rh6 26. f5 exf5 27. Qg5
e6 28. Bxh5 Bxc3 29. Ng6+ Kg8 30. Ne7+ Kf8 31. Nxf5 Rg6 32. Qe7+ Kg8 33. Qe8+
1-0

[Event "European Youth Chess Championship B14"]
[Site "Prague, Top Hotel Prague"]
[Date "2016.08.21"]
[Round "4.45"]
[White "Alivodic, Dario"]
[Black "De, Boer Eelke"]
[Result "0-1"]
[WhiteElo "1834"]
[BlackElo "2183"]
[PlyCount "112"]
[EventDate "2016.08.18"]

1. e4 e5 2. Nf3 Nc6 3. Bc4 Nf6 4. d4 exd4 5. e5 d5 6. Bb5 Ne4 7. O-O Bg4 8.
Bxc6+ bxc6 9. Qxd4 Bc5 10. Qd3 O-O 11. Nd4 Bxd4 12. Qxd4 Bd7 13. Qe3 Qe7 14. b3
Qxe5 15. c3 Qf6 16. f3 Nd6 17. Bb2 Rfe8 18. Qd2 Qg6 19. Na3 Re6 20. Rae1 Rae8
21. Rxe6 Qxe6 22. Kf2 Qf5 23. Kg1 Qe6 24. Nc2 Qe2 25. Rf2 Qxd2 26. Rxd2 Be6 27.
Kf2 Rb8 28. Nd4 c5 29. Nc6 Re8 30. Ba3 Nb7 31. Re2 f6 32. Bc1 Kf7 33. Bf4 a6
34. b4 Bd7 35. Rxe8 Kxe8 36. Nb8 a5 37. bxa5 Nxa5 38. Bxc7 Nb7 39. Nxd7 Kxd7
40. Bf4 Kc6 41. Ke2 Kb5 42. Kd3 Na5 43. Bd6 Nc4 44. Bf8 Ne5+ 45. Kc2 g6 46. Be7
f5 47. h3 Kc4 48. Bg5 Nd3 49. Bd2 f4 50. a4 g5 51. a5 Ne5 52. a6 Nc6 53. h4 h6
54. hxg5 hxg5 55. Bc1 Kb5 56. Ba3 Kb6 0-1

[Event "European Youth Chess Championship B14"]
[Site "Prague, Top Hotel Prague"]
[Date "2016.08.21"]
[Round "4.46"]
[White "Mavrev, David"]
[Black "Bango, Lukas"]
[Result "0-1"]
[WhiteElo "1854"]
[BlackElo "2058"]
[PlyCount "76"]
[EventDate "2016.08.18"]

1. e4 d6 2. Nf3 Nf6 3. d3 g6 4. g3 Bg7 5. Bg2 O-O 6. O-O c5 7. Re1 Nc6 8. Nbd2
Rb8 9. Qe2 Bg4 10. c3 Qd7 11. Nb3 Ne8 12. Bf4 e5 13. Be3 Nc7 14. Rad1 b5 15. d4
exd4 16. cxd4 c4 17. Nc1 d5 18. e5 Rfc8 19. Bf4 Ne6 20. Qe3 Ne7 21. Ne2 b4 22.
Rc1 Qa4 23. Qd2 Rb7 24. h3 Bxf3 25. Bxf3 Qxa2 26. Kg2 Nxf4+ 27. Nxf4 c3 28. Qe2
Bh6 29. Rc2 b3 30. Rxc3 Rxc3 31. bxc3 Bxf4 32. gxf4 b2 33. e6 f6 34. Rb1 Qxb1
35. Qa6 Qg1+ 36. Kxg1 b1=Q+ 37. Kg2 Qb6 38. Qa4 Qxe6 0-1

[Event "European Youth Chess Championship B14"]
[Site "Prague, Top Hotel Prague"]
[Date "2016.08.21"]
[Round "4.47"]
[White "Stinka, Jakub"]
[Black "Vuckovic, Marko"]
[Result "1-0"]
[WhiteElo "2034"]
[BlackElo "1834"]
[PlyCount "29"]
[EventDate "2016.08.18"]

1. e4 d5 2. exd5 Nf6 3. c4 c6 4. Qa4 Bd7 5. Qb3 cxd5 6. cxd5 Bc8 7. Nc3 Nbd7 8.
Nf3 Nb6 9. d4 Nfxd5 10. Bb5+ Bd7 11. Nxd5 Nxd5 12. Bxd7+ Qxd7 13. Ne5 Qd6 14.
Qb5+ Qd7 15. Qxd7# 1-0